Gravity Falls Characters - Statistics

General Stats
  • This quiz has been taken 168 times
  • The average score is 10 of 15
Answer Stats
Answer % Correct
Dipper
99%
Mabel
99%
Stanley
98%
Wendy
92%
Soos
86%
Stanford
83%
Bill Cipher
80%
Gideon
64%
Pacifica Northwest
55%
Waddles
52%
Robbie
51%
Candy
41%
Old Man McGucket
39%
Grenda
36%
Blendin Blandin
13%
No matching quizzes found
Score Distribution
Percent of People with Each Score
Percentile by Number Answered
Your Score History
You have not taken this quiz